| 000 | 004920000a22001810004500 | ||
|---|---|---|---|
| 001 | 003818 | ||
| 003 | MACL | ||
| 005 | 20150708124433.0 | ||
| 008 | 150708b xxu||||| |||| 00| 0 eng d | ||
| 040 |
_aMACL _cMACL |
||
| 041 | _aEnglish | ||
| 100 |
_aJana, Anil Kumar _91390 |
||
| 245 |
_aQuit India Movement In Bengal _bA Study of Contai Subdivesion _cAnil Kumar Jana |
||
| 260 |
_aDelhi _c1997 _bIndian Publishers, |
||
| 350 | _a200 | ||
| 650 |
_aPolitical Science _988 |
||
| 942 |
_k320 _cBK _2ddc |
||
| 999 |
_c15711 _d15711 |
||